Actas resumidas (Record no. 134861)
[ view plain ]
| 000 -CABECERA | |
|---|---|
| campo de control de longitud fija | 00564nam a2200181 a 4500 |
| 005 - FECHA Y HORA DE LA ÚLTIMA TRANSACCIÓN | |
| campo de control | 20210219160310.0 |
| 008 - ELEMENTOS DE LONGITUD FIJA--INFORMACIÓN GENERAL | |
| campo de control de longitud fija | 081008s1994 mx r 000 0 spa d |
| 035 ## - NÚMERO DE CONTROL DEL SISTEMA | |
| Número de control de sistema | UPN01000162748 |
| 049 ## - COLECCIÓN | |
| Colección | UNE |
| 080 ## - NÚMERO DE CLASIFICACIÓN DECIMAL UNIVERSAL | |
| Número de la Clasificación Decimal Universal | DO 341.16: 001 (093.2) 1994RES 143a. |
| 111 00 - ASIENTO PRINCIPAL--NOMBRE DE REUNION | |
| Nombre de congreso/reunión o jurisdicción como elemento de entrada | UNESCO. Consejo Ejecutivo |
| Número del congreso/reunión o número de parte o sección | (143a. |
| Fecha del congreso/reunión | 1994 : |
| Sede del congreso/Lugar de la reunión | Paris) |
| 245 #0 - MENCIÓN DE TÍTULO | |
| Título | Actas resumidas |
| 260 ## - PUBLICACIÓN, DISTRIBUCIÓN, ETC. | |
| Lugar de publicación, distribución, etc. | París : |
| Nombre del editor, distribuidor, etc. | UNESCO, |
| Fecha de publicación, distribución, etc. | 1994. |
| 300 ## - DESCRIPCIÓN FÍSICA | |
| Extensión | xii, 59 p. |
| 500 ## - NOTA GENERAL | |
| Nota general | Incluye texto en inglés, francés, chino, ruso y español |
| 690 ## - PUNTO DE ACCESO ADICIONAL DE MATERIA LOCAL--TÉRMINO DE MATERIA (OCLC, RLIN) | |
| Término de materia o nombre geográfico como elemento inicial | Acuerdos- Consejo Ejecutivo de la UNESCO |
| 905 ## - TIPO DE MATERIAL | |
| Tipo de material | UNESCO |
| Estado de retiro | Estado de pérdida | Fuente del sistema de clasificación o colocación | Estado dañado | No para préstamo | Código de colección | Localización permanente | Ubicación/localización actual | Ubicación en estantería | Fecha de adquisición | Clasificación | Código de barras | Fecha visto por última vez | Número de copia | Tipo de ítem Koha |
|---|---|---|---|---|---|---|---|---|---|---|---|---|---|---|
| Library of Congress Classification | Disponible (Préstamo en sala) | UNESCO | Bib. Gregorio Torres Quintero | Bib. Gregorio Torres Quintero | Colecciones especiales Planta alta | 03/02/2023 | DO 341.16: 001 (093.2) 1994 RES 143a. | U12105 | 31/12/2020 | 1 | Libro |
